00260 a2200109 450000500170000002000180001708200140003510000140004924500250006326000320008830000300012020250710131319.0 a9781861972781 a303.1 GRE aGREENE, R aThe 48 Laws of Power aLondonbProfile Booksc1998 axxiii, 452p.bIndexc24cm